| 000 | 00677nam a22001931a 4500 | ||
|---|---|---|---|
| 001 | 10818 | ||
| 003 | OSt | ||
| 005 | 20260204212213.0 | ||
| 008 | 100311s2006||||sp ||||||b||||||||||spa|| | ||
| 020 | _a8475845762 | ||
| 050 | _a370.113 R618e | ||
| 100 | _aRodríguez Moreno, María Luisa | ||
| 245 | _aEvaluación balance y formación de competencias laborales transversales: Propuesta para mejorar la calidad en formación profesional y en el mundo del trabajo / María Luisa Rodríguez Moreno | ||
| 264 | _aEspaña : Laertes Educación | ||
| 300 | _a382 p | ||
| 500 | _aIncluye bibliografía | ||
| 650 | _aEducación Profesional 2.Competencia LaboralÌ | ||
| 942 |
_2ddc _cBK |
||
| 999 |
_c10818 _d10818 |
||